000
00278nam a22001097a 4500
008
240509b |||||||| |||| 00| 0 eng d
022
_a
0046-9092
041
_a
ENGLISH
245
_a
INDIAN WELDING JOURNAL
260
_a
KOLKATA
_b
THE INDIAN INSTITUTE OF WELDING
942
_c
JN
_s
1
999
_c
357927
_d
357927